000 00523nam a2200205 i 4500
001 bg
245 0 _aDiesel Data 1993 /
_cAutodata.
254 _a93-1200-PL
260 _aBerkshire :
_bAutodata,
_c1993.
300 _a480 s. :
_brys. ;
_c30 cm.
650 9 _asamochody osobowe
650 9 _asamochody dostawcze
650 9 _asilnik diesla
650 9 _adane diagnostyczne
040 _cBPK
041 _adeplhuptesdasvfiel
080 _a629.113:621.43
942 _cKA
008 s pl f |000 0 pol
999 _c24139
_d24139
856 _uhttp://koha.tu.koszalin.pl/cgi-bin/koha/opac-detail.pl?biblionumber=24139
_yKatalog online BPK